| 000 | 00767cam a2200217 i 4500 | ||
|---|---|---|---|
| 001 | 36730 | ||
| 005 | 20230410105404.0 | ||
| 008 | 070315b1972 sp a 000 0 spa | ||
| 041 | 0 | _aspa | |
| 050 | 1 | 4 |
_aHB 501 _bG148c 1972 |
| 100 | 1 |
_aGalbraith, John Kenneth, _d1908-2006. |
|
| 245 | 0 | 3 |
_aEl capitalismo americano : _bel concepto del poder compensador / _cJohn Kenneth Galbraith. |
| 260 |
_aBarcelona : _bEdiciones Ariel, _c1972 |
||
| 300 | _a282 p. | ||
| 440 | 0 |
_aColección Ariel quincenal ; _v63 |
|
| 500 | _aTítulo original: American capitalism: the concept of countervailing power | ||
| 650 | 0 |
_aCapitalism _zUnited States. |
|
| 651 | 0 |
_aUnited States _xEconomic conditions _y1918-1945. |
|
| 650 | 0 |
_aCountervailing power _zUnited States. |
|
| 942 |
_2lcc _cbk |
||
| 999 |
_c35672 _d35672 |
||